| 000 | 00708nam a22002057a 4500 | ||
|---|---|---|---|
| 005 | 20100820142259.0 | ||
| 010 | _aENG-101123 | ||
| 020 | _c20.00 | ||
| 035 | _aEN-84656 | ||
| 037 | _bDBAD/PUB | ||
| 082 | _a371.91 | ||
| 100 |
_aRajam, S. _916856 |
||
| 245 |
_aEducation and empowerment of persons with disabilities / _cby S. Rajam |
||
| 260 |
_aChennai _bToday Publication _c2008 |
||
| 270 |
_aS. R. Complex, 192n Bells Road _bChennai _e5 |
||
| 300 |
_a25 p. _c21cm (pbk) |
||
| 650 |
_aEducation for disaibals _916857 |
||
| 942 |
_2ddc _cEN _mRAJ _h371.91 |
||
| 999 |
_c42714 _d42714 |
||